000 00724nam a2200241 a 4500
001 482
003 BR-CuiBMT
005 20231107210223.0
008 231107s2005 spb 000 0 por d
020 _a8502051393
040 _aBR-CuiBMT
_cBR-CuiBMT
080 _22007
_a347.7
090 _a347.7
_bC672m
_c16. ed.
100 1 _aCoelho, Fábio Ulhoa
_d1959-
245 _aManual de direito comercial /
_cFábio Ulhoa Coelho.
250 _a16. ed., rev. e atual.
260 _aSão Paulo:
_bSaraiva,
_c2005.
300 _a497 p. ;
_c21 cm
500 _aEdição revista e atualizada de acordo com a nova lei de falências
650 _2Direito comercial
_zBrasil
650 _2Sociedade comercial
_zBrasil
942 _2udc
_cLV
999 _c482
_d482